000
00296nam a22001217a 4500
008
140110t xxu||||| |||| 00| 0 eng d
020
_a
81-317-1144-7
100
_a
Keith E. Stanovich
_9
627
245
_a
How to think straight about Psychology
250
_a
7th Ed
300
_a
150
942
_2
ddc
_c
BK
999
_c
16889
_d
16889